| 000 | 02032 a2200253 4500 | ||
|---|---|---|---|
| 001 | 63636 | ||
| 005 | 20260407155935.0 | ||
| 008 | 260407a2018 arg spa d | ||
| 003 | AR-UNSa-BCEJYS | ||
| 040 |
_aAR-UNSa-BCEJYS _bspa _cAR-UNSa-BCEJYS |
||
| 080 |
_a658.8 _xOrganización de mercados. Marketing. Ventas. Distribución |
||
| 245 | 1 | 0 | _aPrincipios de marketing |
| 020 | _a978-84-9035-612-8 | ||
| 250 | _a17a. ed. | ||
| 264 | 1 |
_aMadrid : _bPearson Educación _c2018 |
|
| 300 |
_axxiv, 765 p. _c27 cm. |
||
| 505 | _a1. Marketing: gestión de la creación de valor y compromiso - 2. Estrategia de la empresa y de marketing: colaboración para establecer el valor, el compromiso y las relaciones con el cliente - 3. Análisis del entorno del marketing - 4. Gestión de la información de marketing para obtener información de los clientes - 5. Mercados de consumidores y conductas de compra - 6. Mercados organizacionales - 7. Estrategia de marketing orientada al cliente: creación de valor para los clientes objetivo - 8. Productos, servicios y marcas: crear valor - 9. Desarrollo de nuevos productos y gestión del ciclo de vida del producto - 10. Fijación del precio: comprensión y captura de valor para el cliente - 11. Estrategias de precio: consideraciones adicionales - 12. Canales de marketing: distribuir el valor para el consumidor - 13. Minoristas y mayoristas - 14. Comprometer y comunicar el valor para el cliente: estrategia de comunicación de marketing integral - 15. Publicidad y relaiones públicas - 16. Venta personal y promoción de ventas - 17. Marketing directo, online, en redes sociales y en teléfonos móviles - 18. Creación de una ventaja competitiva - 19. El mercado global - 20. Marketing sostenible: responsabilidad social y ética - | ||
| 041 | _aspa | ||
| 942 | _cBK | ||
| 590 | _aniveau_biblio:m niveau_hierar:0 | ||
| 100 | 1 | _aKotler, Philip | |
| 700 | 1 | _aArmstrong, Gary | |
| 856 | 4 | 1 |
_uhttps://www.biblioeco.unsa.edu.ar/pmb/images/libros/L129413.jpg _yImagen de portada _qimage/jpeg |
| 999 |
_c8256 _d8256 |
||